000 00522nam a22001817a 4500
005 20250710104701.0
010 _aENG-145911
020 _c350.00
_a9789393225009
035 _aEN-129443
037 _bDBAD
082 _21
_a921
245 _aThe Bengal Tigress Mamata Banerjee/
_cMohammed Alimuddin
250 _a1
260 _aMumbai
_bSaket27 Printer and Publisher
_c2021
270 _aSpace House, Dahisher East
_bMumbai
_e400068
300 _aiv, 109p.
_c24cm(Hb)
942 _2ddc
_cEN
_mBEN
_h921
999 _c212300
_d212300